| 000 | 01246cam a22003374a 4500 | ||
|---|---|---|---|
| 999 |
_c532118 _d532118 |
||
| 001 | 16600744 | ||
| 003 | NUST | ||
| 005 | 20191108151633.0 | ||
| 008 | 110106s2011 enk bf 001 0 eng | ||
| 010 | _a 2010051096 | ||
| 016 | 7 |
_a015762170 _2Uk |
|
| 020 | _a9780470658246 (pbk. : alk. paper) | ||
| 020 | _a047065824X (pbk. : alk. paper) | ||
| 035 | _a(OCoLC)ocn695683496 | ||
| 038 | _aMSOHAIL | ||
| 040 |
_aDLC _cDLC _dYDX _dYDXCP _dCDX _dUKMGB _dDLC |
||
| 042 | _apcc | ||
| 050 | 0 | 0 |
_aTH438 _b.S8879 2011 |
| 082 | 0 | 0 |
_a690.068 _222 |
| 100 | 1 |
_aSutt, Jüri. _925442 |
|
| 245 | 1 | 0 |
_aManual of construction project management for owners and clients / _cJüri Sutt. |
| 260 |
_aChichester, West Sussex, UK ; _aAmes, Iowa : _bWiley-Blackwell, _c2011. |
||
| 300 |
_axl, 126 p. ; _c25 cm. |
||
| 504 | _aIncludes bibliographical references (p. 123) and index. | ||
| 650 | 0 |
_aBuilding _xSuperintendence _vHandbooks, manuals, etc. _925443 |
|
| 650 | 0 |
_aProject management _vHandbooks, manuals, etc. _925444 |
|
| 650 | 0 |
_aContractors' operations _vHandbooks, manuals, etc. _925445 |
|
| 906 |
_a7 _bcbc _corignew _d1 _eecip _f20 _gy-gencatlg |
||
| 942 |
_2ddc _cBK |
||